01073nam a2200349 a 4500001001000000003000900010005001700019007001000036008003800046020001500084040002200099082002500121100003000146245003600176260003400212300002100246490002600267650002100293650002500314830002700339910003700366930002400403942001200427945003800439952011900477956001800596956001800614956001900632956001800651956003900669999001500708000013091DO-SdBNP20171120090611.0000013091091120s1999 sp 000 f spa d a8481301337 aBPMSUbspacBPMSU04aA863.44bS113t, 20001 aSábato, Ernesto,d1911-13aEl túnel /cErnesto Sábato. aBarcelona :bMillenium,c1999 a126 p. ;c21 cm.1 aJoyas del mileniov15 4aNOVELA ARGENTINA 4aLITERATURA ARGENTINA 0aJoyas del milenio;v15 aValidado. Control de calidad MFF 1l m h 8 f p g  2ddccBK aInventariado extranjero / 2017 VM 00102ddc40708CGaBPMETbBPMETd2015-02-26l0oA863.44 S113t 2000pBPMSU15040215r2015-02-26w2015-02-26yBK a b c l h  a b c l h  a b c l h1  a b c l h  aVMATEOb10c20150722lBPMSUh00151 c7524d7524